Biggest Immigrant Group by Country - Statistics

General Stats
  • This quiz has been taken 5,293 times
  • The average score is 11 of 20
Answer Stats
Arrival Country Depature Country % Correct
United States Mexico
97%
Ukraine Russia
82%
South Korea China
81%
France Algeria
78%
United Kingdom India
73%
Andorra Spain
73%
Ireland United Kingdom
68%
Japan China
64%
Germany Turkey
63%
Mexico United States
60%
Canada United Kingdom
59%
Sweden Finland
54%
Brazil Portugal
52%
Switzerland Italy
50%
Greece Albania
43%
China South Korea
35%
Israel Poland
23%
Spain Romania
22%
Italy Romania
21%
Russia Uzbekistan
16%
No matching quizzes found
Score Distribution
Percent of People with Each Score
Percentile by Number Answered
Your Score History
You have not taken this quiz